000 00447nam a2200205Ia 4500
001 13293
003 GE_BSU
008 181216s||||||||xx |||||||||||||| ||und||
020 _a0140252924
040 _cGE_BSU
080 _a821.111-32
100 _aEvanovich,Janet.
245 _aOne for the money.
260 _aLondon.
260 _bPenguin Books.
260 _c1994
300 _a290p;18cm.
653 _aOne for the money.
942 _cBK
999 _c46455
_d46455